Disasters and the environment (Record no. 541445)
[ view plain ]
| 000 -LEADER | |
|---|---|
| fixed length control field | 00651mam a2200193 a 4500 |
| 082 ## - DEWEY DECIMAL CLASSIFICATION NUMBER | |
| Classification number | 658.477 |
| Author Mark | DIS |
| -- | M-38 ,P-107 |
| 100 ## - MAIN ENTRY--PERSONAL NAME | |
| Personal name | Gustavo Whiches and inter works |
| 9 (RLIN) | 36321 |
| 245 00 - TITLE STATEMENT | |
| Title | Disasters and the environment |
| Remainder of title | Disaster management training programme |
| Statement of responsibility, etc. | Gustavo Whiches and inter works |
| 250 ## - EDITION STATEMENT | |
| Edition statement | 2 nd ed. |
| 260 ## - PUBLICATION, DISTRIBUTION, ETC. | |
| Name of publisher, distributor, etc. | UNDP. |
| Date of publication, distribution, etc. | 1995 |
| 300 ## - PHYSICAL DESCRIPTION | |
| Extent | 63 p. ; |
| Dimensions | 28 cm. |
| 526 ## - STUDY PROGRAM INFORMATION NOTE | |
| Program name | 0 |
| Interest level | 0 |
| Reading level | 0 |
| Title point value | 658_477000000000000_DIS |
| 526 ## - STUDY PROGRAM INFORMATION NOTE | |
| Program name | 0 |
| Interest level | 0 |
| Reading level | 0 |
| Title point value | 658_477000000000000_DIS |
| 650 #0 - SUBJECT ADDED ENTRY--TOPICAL TERM | |
| Topical term or geographic name entry element | Disaster relief. |
| 9 (RLIN) | 1775 |
| 650 #0 - SUBJECT ADDED ENTRY--TOPICAL TERM | |
| Topical term or geographic name entry element | Emergency management. |
| Topical term following geographic name entry element | MCE |
| 9 (RLIN) | 36322 |
| 650 #0 - SUBJECT ADDED ENTRY--TOPICAL TERM | |
| Topical term or geographic name entry element | Natural disasters |
| General subdivision | Planning. |
| 9 (RLIN) | 36323 |
| 710 2# - ADDED ENTRY--CORPORATE NAME | |
| Corporate name or jurisdiction name as entry element | UNDP. |
| 9 (RLIN) | 36324 |
| 942 ## - ADDED ENTRY ELEMENTS (KOHA) | |
| Source of classification or shelving scheme | |
| Koha item type | Book |
| Withdrawn status | Lost status | Source of classification or shelving scheme | Damaged status | Not for loan | Permanent Location | Current Location | Date acquired | Total Checkouts | Full call number | Barcode | Date last seen | Date last checked out | Price effective from | Koha item type | Copy number |
|---|---|---|---|---|---|---|---|---|---|---|---|---|---|---|---|
| Military College of Engineering (MCE) | Military College of Engineering (MCE) | 08/31/2015 | 1 | 658.477 DIS | MCE-47476 | 11/15/2019 | 10/03/2019 | 08/31/2015 | Book | ||||||
| Military College of Engineering (MCE) | Military College of Engineering (MCE) | 07/24/2013 | 1 | 658.477 DIS | MCE-47944 | 11/30/2016 | 10/31/2016 | 07/24/2013 | Book | 01 |
